Documento de Juntas de la Venerable Orden Tercero de Nuestra Santísima Madre y Señora del Carmen. (Record no. 4868)
[ view plain ]
| 000 -CABECERA | |
|---|---|
| campo de control de longitud fija | 01502nam a2200265 a 4500 |
| 001 - NÚMERO DE CONTROL | |
| campo de control | BRCA_5174 |
| 005 - FECHA Y HORA DE LA ÚLTIMA TRANSACCIÓN | |
| campo de control | 20190320204954.0 |
| 008 - DATOS DE LONGITUD FIJA--INFORMACIÓN GENERAL | |
| campo de control de longitud fija | 241110m18421843mx-######v---#000-0#spa-# |
| 041 ## - CÓDIGO DE LENGUA | |
| Código de lengua del texto/banda sonora o título independiente | spa |
| 044 ## - CÓDIGO DEL PAÍS DE LA ENTIDAD EDITORA/PRODUCTORA | |
| Código MARC del país | mx |
| 084 ## - OTRO NÚMERO DE CLASIFICACIÓN | |
| Número de clasificación | DOC125 |
| Número de documento/Ítem | .D63 |
| -- | 1842 |
| 245 10 - MENCIÓN DE TÍTULO | |
| Título | Documento de Juntas de la Venerable Orden Tercero de Nuestra Santísima Madre y Señora del Carmen. |
| 260 ## - PUBLICACIÓN, DISTRIBUCIÓN, ETC. | |
| Lugar de publicación, distribución, etc. | México |
| Fecha de publicación, distribución, etc. | 1842 |
| 300 ## - DESCRIPCIÓN FÍSICA | |
| Extensión | [35] fojas |
| Dimensiones | 32 x 22 cm |
| 500 ## - NOTA GENERAL | |
| Nota general | Cuaderno formado para las Juntas de elecciones en los empleos del Venerable Orden Tercero de Nuestra Santísima Madre y Señora del Cármen, que comienza hoy día dos de junio de mil ochocientos cuarenta y tres. Contiene las actas levantadas en los nombramientos efectuados desde Priores, Definidores, Tesoreros, Celadores, Sacristanes, Enfermeras, etc. |
| 500 ## - NOTA GENERAL | |
| Nota general | El documento contiene la leyenda DOC. #293 |
| 500 ## - NOTA GENERAL | |
| Nota general | Al margen: SELLO QUINTO. MEDIO REAL. AÑO DE MIL OCHOCIENTOS CUARENTA Y DOS Y MIL OCHOCIENTOS CUARENTA Y TRES. -- Papel sellado con el Águila Repúblicana |
| 500 ## - NOTA GENERAL | |
| Nota general | Papel con marca de agua |
| 500 ## - NOTA GENERAL | |
| Nota general | Estado de conservación: contiene acidez, márgenes maltratados, roturas, el documento esta cocido |
| 506 0# - NOTA DE RESTRICCIONES AL ACCESO | |
| Limitaciones de acceso | Fondo reservado: para su consulta es necesario credencial de usuario y carta de motivos |
| 546 ## - NOTA DE LENGUA/LENGUAJE | |
| Nota de lengua/lenguaje | Texto en: español de mediados del siglo XIX |
| 650 14 - PUNTO DE ACCESO ADICIONAL DE MATERIA--TÉRMINO DE MATERIA | |
| Término de materia o nombre geográfico como elemento de entrada | Documentos legales |
| Subdivisión de forma | Impreso con rúbricas |
| Subdivisión general | Historia |
| Subdivisión cronológica | Federalismo y centralismo, 1824-1853 |
| Subdivisión geográfica | México |
| 9 (RLIN) | 13236 |
| 902 ## - CATALOGADOR | |
| Iniciales | FDH |
| 942 ## - ELEMENTOS DE PUNTO DE ACCESO ADICIONAL (KOHA) | |
| Fuente del sistema de clasificación o colocación | Library of Congress Classification |
| Tipo de ítem Koha | Documentos |
| Estado de retiro | Estado de pérdida | Estado dañado | No para préstamo | Localización permanente | Ubicación/localización actual | Fecha de adquisición | Total de préstamos | Signatura topográfica completa | Código de barras | Fecha visto por última vez | Precio válido a partir de | Tipo de ítem Koha |
|---|---|---|---|---|---|---|---|---|---|---|---|---|
| El ejemplar forma parte de la colección y puede ser consultado según las políticas vigentes. | Biblioteca del Museo Franz Mayer (Rogerio Casas-Alatriste) | Biblioteca del Museo Franz Mayer (Rogerio Casas-Alatriste) | 24/11/2010 | DOC125 .D63 1842 | 5518 | 22/03/2019 | 22/03/2019 | Documentos |